Spelling C-O-N-N-E-C-T-I-C-U-T Quiz Stats

 Plays Quiz not verified by Sporcle

Challenge
Share
Tweet
Embed
Score 0/11 Timer 06:00
0 Plays Today
Letter Place % Correct
Inone
100%
NNew Haven
77.9%
EEast Hartford
64.7%
Norwalk
58.8%
TTorrington
57.4%
Trumbull
54.4%
OOrange
50%
CCheshire
48.5%
UUnion
44.1%
Colchester
36.8%
Cromwell
33.8%

You're not logged in!

Compare scores with friends on all Sporcle quizzes.
Join for Free
OR
Log In

You Might Also Like...

Show Comments

Extras

Top Quizzes Today


Score Distribution

Your Account Isn't Verified!

In order to create a playlist on Sporcle, you need to verify the email address you used during registration. Go to your Sporcle Settings to finish the process.

Report this User

Report this user for behavior that violates our Community Guidelines.

Details: